Statistiken für 2. Bundesliga Teams 2023/2024

Klicken Sie hier um das Quiz zu spielen!

Allgemein

  • Dieses Quiz wurde 925 mal gespielt
  • Das Durchschnittsergebnis liegt bei 15 aus 18

Antwortstatistiken

Verein% Korrekt
Hamburger SV
99%
FC Schalke 04
96%
FC St. Pauli
95%
Hertha BSC
93%
1. FC Nürnberg
89%
Holstein Kiel
89%
Hannover 96
87%
1. FC Kaiserslautern
86%
Fortuna Düsseldorf
86%
SV Elversberg
86%
Hansa Rostock
85%
VfL Osnabrück
84%
Eintracht Braunschweig
82%
SpVgg Greuther Fürth
81%
Karlsruher SC
80%
SV Wehen Wiesbaden
80%
1. FC Magdeburg
79%
SC Paderborn 07
73%

Verteilung der Resultate

Perzentil nach korrekt beantworteten Fragen

Anzahl Personen mit jedem Resultat

Ihre Resultats-Entwicklung

Sie haben dieses Quiz noch nicht gespielt